Phản xạ tiếng Anh tự động Level 3

保存先:
書誌詳細
第一著者: Hoge, A. J.
フォーマット: 図書
出版事項: Hà Nội Hồng Đức 2017
シリーズ:Effortless English
主題:
タグ: タグ追加
タグなし, このレコードへの初めてのタグを付けませんか!
Thư viện lưu trữ: Trung tâm Học liệu Lê Vũ Hùng, Trường Đại học Đồng Tháp
LEADER 00766pam a22002538a 4500
001 00042619
008 160217s2014 ||||||Engsd
005 20181011081053.0
020 # # |c 165000  |a 9786048914349 
041 0 # |a Eng 
082 1 4 |a 428  |b PH105X 
100 1 # |a Hoge, A. J. 
245 1 0 |a Phản xạ tiếng Anh tự động  |b Level 3  |c A. J. Hoge 
260 # # |a Hà Nội  |b Hồng Đức  |c 2017 
300 # # |a 143 tr.  |c 23 cm. 
490 # # |a Effortless English 
653 # # |a Ngôn ngữ 
653 # # |a Phương pháp 
653 # # |a Phản xạ 
653 # # |a Tiếng Anh 
653 # # |a Tự học 
852 # # |j KM.0025649  |j KD.0023011 
910 |d 11/10/2018 
980 # # |a Trung tâm Học liệu Lê Vũ Hùng, Trường Đại học Đồng Tháp